Discrete time signal processing (Record no. 172830)

MARC details
000 -LEADER
fixed length control field 00445nam a2200157Ia 4500
008 - FIXED-LENGTH DATA ELEMENTS--GENERAL INFORMATION
fixed length control field 231217s9999 xx 000 0 und d
041 ## - LANGUAGE CODE
Language code of text/sound track or separate title English
082 ## - DEWEY DECIMAL CLASSIFICATION NUMBER
Classification number 621.38481 OPP;9
100 ## - MAIN ENTRY--PERSONAL NAME
Personal name Oppenheim, Alan V. Schafer, Ronald W. Buck, John R.
245 #0 - TITLE STATEMENT
Title Discrete time signal processing
250 ## - EDITION STATEMENT
Edition statement 2nd ed.
260 ## - PUBLICATION, DISTRIBUTION, ETC.
Date of publication, distribution, etc. 1999
Name of publisher, distributor, etc. Pearson Education (Singapore)
Place of publication, distribution, etc. Delhi
300 ## - PHYSICAL DESCRIPTION
Extent xxvi+870
650 ## - SUBJECT ADDED ENTRY--TOPICAL TERM
Topical term or geographic name entry element Signal processing
942 ## - ADDED ENTRY ELEMENTS (KOHA)
Koha item type Books
Holdings
Date last seen Total checkouts Full call number Accession number Cost, total (INR) price Price effective from Category Lost status Damaged status Department Withdrawn status Home library Current library Shelving location Entry date Vendor Cost, normal purchase price Grants Billnumber Billdate Currency symbol Conversion rate Discount Old discount
26/01/2024   621.38481 OPP;9 29507 260.00 26/01/2024 Books     Central Library   Central Library Central Library Central Library 06/08/2004 Mega Books 325.00 EC 2907 13/09/2006 RS 1 65 20
26/01/2024   621.38481 OPP;10 29508 260.00 26/01/2024 Books     Central Library   Central Library Central Library Central Library 06/08/2004 Mega Books 325.00 EC 2907 13/09/2006 RS 1 65 20
26/01/2024   621.38481 OPP;11 29509 260.00 26/01/2024 Books     Central Library   Central Library Central Library Central Library 06/08/2004 Mega Books 325.00 EC 2907 13/09/2006 RS 1 65 20
26/01/2024   621.38481 OPP;12 29510 260.00 26/01/2024 Books     Central Library   Central Library Central Library Central Library 06/08/2004 Mega Books 325.00 EC 2907 02/09/2006 RS 1 65 20
26/01/2024   621.38481 OPP;13 29511 260.00 26/01/2024 Books     Central Library   Central Library Central Library Central Library 06/08/2004 Mega Books 325.00 EC 2907 28/08/2006 RS 1 65 20

© For any Suggestions or Query, please contact the library staff @ librarian@pes.edu or Phone: +9180 2672 1983/ 2108.